000
00235 a2200097 4500
001
57093
100
_a
245
_a
Selected Poetry And Prose of Shelley
260
_a
Great Britian
_b
wordsworth
_c
2002
090
_c
35023
_d
35023
942
_a
NUST-CAE
_c
MONOGRAPH
_c
27807
999
_c
292166
_d
292166